00000000nam 2200000zi 4500
0019.926071
003CaOODSP
00520250815152657
006m     o  d f      
007cr cn|||||||||
008230811t20232023onc     o    f000 0 eng d
020 |a9780660499512
040 |aCaOODSP|beng|erda|cCaOODSP
043 |an-cn---
0861 |aRv4-189/2023E-PDF
24500|a2022-2023 ePayroll public opinion research : |bfinal report / |cprepared for the Canada Revenue Agency.
264 1|aOttawa, Ontario : |bCanada Revenue Agency = Agence du revenu du Canada, |c2023.
264 4|c©2023
300 |a1 online resource (71 pages) + |e1 executive summary (9 pages)
336 |atext|btxt|2rdacontent
337 |acomputer|bc|2rdamedia
338 |aonline resource|bcr|2rdacarrier
500 |aCover title.
500 |a"Unclassified."
500 |a"September 2023."
500 |a"Supplier name: Nanos Research."
500 |a"Contract Number: CW2274121."
500 |a"Registration Number: POR-135-22."
500 |aIssued also in French under title: Recherche sur l'opinion publique concernant la paie électronique de 2022-2023 : rapport définitif.
520 |a"The Government of Canada has begun an initiative called ePayroll to develop a recommendation to modernize the way employers send payroll, employment and demographic information to government departments and agencies. The objective is to reduce the administrative burden for Canadian employers and streamline the delivery of government benefits and services. The initiative is being led by Canada Revenue Agency (CRA) in partnership with Employment and Social Development Canada and Treasury Board Secretariat - Office of the Chief Information Officer and is part of the government's Budget 2021 commitment to propose a near real-time solution to better service Canadian businesses"--Executive summary, page 2.
650 0|aPayrolls|zCanada|xComputer programs|xPublic opinion.
650 0|aPublic administration|zCanada|xPublic opinion.
650 0|aPublic opinion|zCanada.
7102 |aCanada Revenue Agency, |eissuing body.
7102 |aNanos Research (Firm)‏, |econsultant.
77508|tRecherche sur l'opinion publique concernant la paie électronique de 2022-2023 : |w(CaOODSP)9.926070
85640|qPDF|s802 KB|uhttps://publications.gc.ca/collections/collection_2023/arc-cra/Rv4-189-2023-eng.pdf|zFinal report
85640|qPDF|s217 KB|uhttps://publications.gc.ca/collections/collection_2023/arc-cra/Rv4-189-2023-1-eng.pdf|zExecutive summary
8564 |qHTML|sN/A|uhttps://epe.bac-lac.gc.ca/100/200/301/pwgsc-tpsgc/por-ef/canada_revenue_agency/2023/135-22-e/POR135-22-report.html|zFinal report
8564 |qHTML|sN/A|uhttps://epe.bac-lac.gc.ca/100/200/301/pwgsc-tpsgc/por-ef/canada_revenue_agency/2023/135-22-e/summary/POR135-22-summary.html|zExecutive summary